000 00897cam a2200253u 4500
001 4406
003 BD-RjUL
005 20211208233903.0
008 131222s19661965enka 000 0 eng
035 _a(BD-RjUL)4441
040 _aDLC
_cCarP
_dDLC
_dBD-RjUL
_beng
041 _aeng
082 0 4 _216
_a338.542
_bREA 1966
245 1 0 _aReadings in business cycles /
_cselected by a committee of The American Economic Association.
260 _aLondon ;
_aHomewood, ILL. :
_bAllen & Unwin ;
_bIrwin Inc.,
_cc1965, 1966.
300 _ax, 731 p. :
_bill ;
_c23 cm.
490 _aThe series of Republished Articles on Economics.
_vx
650 0 _aBusiness cycles.
_913938
700 1 _aGordon, Robert Aaron,
_ecomp.
_913939
700 1 _aKlein, Lawrence R.
_q(Lawrence Robert),
_d1920-2013,
_ecomp.
_98088
710 1 _aAmerican Economic Assosiation.
_913940
942 _2ddc
_cBK
999 _c4406
_d4406